00559nam a2200157Ia 4500008004000000082001700040100001800057245003500075260007800110300001100188650002400199690002100223906001000244999001900254952012800273210210b1992 xxu||||| |||| 00| 0 eng d a181.482 ARCP aARCHAK (K B). aPrimer of the advaita vedanta. aDharwad.bDepartment of Sanskrit & Prakrit, Karnataka Arts College,c1992 aiii,81 aAdvaita Vedanta  aIndian Philosoph a05127 c100003d100003 001040708PhilosophyaALbALcPhilosophyd2021-02-17g30.00l0o181.482 ARCPp051275r2021-02-17 00:00:00w2021-02-17yBK